| 000 | 00670nam a22002297a 4500 | ||
|---|---|---|---|
| 001 | 0011706 | ||
| 003 | DO-SdBNP | ||
| 005 | 20180202111114.0 | ||
| 007 | 0011706 | ||
| 008 | 161101b 1967 sp||||| |||| 00| 0 spa d | ||
| 040 |
_aBPMSU _bspa _cBPMSU |
||
| 082 |
_axxxxxxxx _bxxxxxxxx |
||
| 100 | 1 | _aKipling, Rudyard | |
| 245 | 1 | 0 |
_aPrecisamente así / _cRudyard Kipling ; traducción Manent, M. ; ilustraciones Pablo Ramírez |
| 260 |
_aBarcelona : _bJuventud, _c1967. |
||
| 300 |
_a96 p. : _bil., _c24 cm. |
||
| 700 | 1 |
_aManent, M., _etr. |
|
| 700 | 1 |
_aRamírez P., _eil. |
|
| 942 |
_2ddc _cBK |
||
| 945 | _aInventariado, 2018/ YL | ||
| 956 |
_aBTAVÁREZ _b10 _c20160111 _d0011706 |
||
| 999 |
_c11749 _d11749 |
||